| 000 | 00983na a2200325 4500 | ||
|---|---|---|---|
| 001 | 19964 | ||
| 003 | MIRAKIL | ||
| 005 | 20181213155114.0 | ||
| 008 | 161229b tu 000 0 | ||
| 035 | _a19964 | ||
| 040 |
_aMilas _btur _cTR-AnCHP |
||
| 041 | _atur | ||
| 082 |
_aCHP 324.2372 _bÇ24y 1992 |
||
| 090 | _aCHP 324.2372 Ç24y 1992 | ||
| 100 | _aÇakmur, Yüksel | ||
| 111 |
_aCHP Olağan Kurultay _cAnkara _d9 Eylül 1992 _n25. |
||
| 245 |
_aYüksel Çakmur'un CHP Kurultayı konuşması _cYüksel Çakmur |
||
| 246 | _a25. Kurultay | ||
| 260 |
_aAnkara _bCHP _c1992 |
||
| 300 |
_a[12] s. _c20 sm. |
||
| 610 |
_aCumhuriyet Halk Partisi (CHP) _xKurultay konuşmaları |
||
| 610 |
_aCumhuriyet Halk Partisi (CHP) _xKurultaylar _y1992 |
||
| 650 |
_aSiyaset ve yönetim _zTürkiye |
||
| 657 | _aCHP Kurultayları | ||
| 657 | _aCHP Olağan Kurultayları | ||
| 740 | _aCHP 25. Kurultayı | ||
| 740 | _a25. Kurultay | ||
| 830 | _aCHP yayınları | ||
| 942 |
_2dcc _cBKS |
||
| 999 |
_c6640 _d6640 |
||